000 00966naa a22002777a 4500
001 BR9606760
003 BR-BrBNA
005 20240918181552.0
007 ta
008 230509b bl.||||| |||| 00| 0 por d
040 _aBR-BrBNA
_bpor
_cBiblioteca Nacional de Agricultura
041 _a(Pt)
072 _aF70
090 _aF70 BR9606760
100 1 _aBarreto, R.C.
111 1 _a36. Congresso Nacional de Botanica
_cCuritiba, PR (Brazil)
_d1985
245 1 _aO genero Ocotea aubl. (Lauraceae)no estado de Pernambuco
260 3 _aCuritiba, PR (Brasil):
_c1985.
500 _aAnais do 36. Congresso Nacional de Botanica. v. 1 Curitiba, PR (Brasil): 1985. p. 175-199 (BR9606760-AM)F70
650 _aLauraceae
650 _aTaxonomia Vegetal
650 _aPernambuco
773 0 _tAnais do 36. Congresso Nacional de Botanica. v. 1
_wF70 BR9606760
_gCuritiba, PR (Brasil), 1985. p. 175-199
909 _a202404
_bLucia
_c55
_dLucia Elande
942 _cAM
_2AGRIS
999 _c325873
_d325873